Prenikanie malých a stredných firiem na medzinárodné trhy

Zmeny v postupoch úspešných malých a stredných firiem v EÚ pri prekonávaní dôsledkov krízy a prenikaní na medzinárodné trhy. Kríza manažmentu a riziká. Alternatívne riešenia pre malé a stredné podniky. Spolupráca výrobných a obchodných firiem a oživenie dopytu.

Gespeichert in:
Bibliographische Detailangaben
1. Verfasser: Knapik, Peter
Weitere Verfasser: Siegl Kniežová, Ivana
Format: Buchkapitel
Sprache:Slowakisch
Schlagworte:
Tags: Tag hinzufügen
Keine Tags, Fügen Sie das erste Tag hinzu!

MARC

LEADER 00000naa a2200000 4500
001 0147337
005 20240502072649.0
041 0 |a slo 
044 |a SK 
245 1 0 |a Prenikanie malých a stredných firiem na medzinárodné trhy  |c Peter Knapik, Ivana Siegl Kniežová 
520 |a Zmeny v postupoch úspešných malých a stredných firiem v EÚ pri prekonávaní dôsledkov krízy a prenikaní na medzinárodné trhy. Kríza manažmentu a riziká. Alternatívne riešenia pre malé a stredné podniky. Spolupráca výrobných a obchodných firiem a oživenie dopytu. 
610 2 0 |a podnik malý 
610 2 0 |a podnikanie malé 
610 2 0 |a podnik stredný 
610 2 0 |a podnikanie stredné 
610 2 0 |a trh medzinárodný 
610 2 0 |a manažment 
610 2 0 |a riadenie podnikové 
610 2 0 |a zákazníci 
610 2 0 |a ponuka 
610 2 0 |a dopyt 
610 2 0 |a kríza finančná 
610 2 0 |a kríza hospodárska 
100 1 |a Knapik, Peter 
700 1 |a Siegl Kniežová, Ivana